[Event "Let's Play Chess!"]
[Site "http://www.queenalice.com/game.php?id=21316"]
[Date "2005.7.25"]
[Round "-"]
[White "thespanishknight"]
[Black "zechariahsl"]
[Result "0-1"]
[WhiteElo "1828"]
[BlackElo "1563"]

1. e4 e5 2. Nf3 Nc6 3. d4 Bb4+ 4. c3 Ba5 5. d5 Nd4 6. Nfd2 Bb6 7. cxd4 Bxd4 8.
Nf3 Qf6 9. Nxd4 exd4 10. Nd2 Nh6 11. Nf3 Qe7 12. Qxd4 f6 13. Bc4 Qb4+ 14. Bd2
Qa4 15. b3 Qa3 16. Bxh6 gxh6 17. Qxf6 Qb4+ 0-1

[Event "AUTO-OPEN-115"]
[Site "http://www.queenalice.com/game.php?id=21388"]
[Date "2005.7.25"]
[Round "1"]
[White "snowflakes"]
[Black "thespanishknight"]
[Result "1-0"]
[WhiteElo "1507"]
[BlackElo "1698"]

1. d4 d5 2. Nf3 Nf6 3. Bf4 c5 4. c3 Qb6 5. b3 Nc6 6. e3 Bf5 7. Nbd2 e6 8. Ne5
cxd4 9. Nxc6 dxc3 10. Rc1 cxd2+ 11. Qxd2 bxc6 12. Qd4 Qxd4 13. exd4 1-0

[Event "AUTO-OPEN-115"]
[Site "http://www.queenalice.com/game.php?id=21389"]
[Date "2005.7.25"]
[Round "1"]
[White "thespanishknight"]
[Black "snowflakes"]
[Result "0-1"]
[WhiteElo "1644"]
[BlackElo "1537"]

1. e4 d6 2. d4 Nf6 3. Nc3 g6 4. Be2 Bg7 5. h4 Nbd7 6. h5 b6 7. e5 dxe5 8. dxe5
Nxe5 9. Qxd8+ Kxd8 10. h6 Bf8 11. Bf4 Nfd7 12. O-O-O Bb7 13. Bxe5 f6 0-1

[Event "AUTO-OPEN-115"]
[Site "http://www.queenalice.com/game.php?id=21432"]
[Date "2005.7.25"]
[Round "1"]
[White "thespanishknight"]
[Black "egaray"]
[Result "0-1"]
[WhiteElo "1520"]
[BlackElo "2004"]

1. e4 g6 2. d4 Bg7 3. Nc3 c6 4. Bc4 d6 5. Qf3 e6 6. Nge2 Qe7 7. O-O Nf6 8. Be3
e5 9. dxe5 dxe5 10. a3 O-O 0-1

[Event "Let's Play Chess!"]
[Site "http://www.queenalice.com/game.php?id=21476"]
[Date "2005.7.26"]
[Round "-"]
[White "thespanishknight"]
[Black "MacDonnell"]
[Result "0-1"]
[WhiteElo "1733"]
[BlackElo "1851"]

1. e4 c5 2. Nc3 Nc6 3. g3 g6 4. Bg2 Bg7 5. d3 d6 6. f4 e6 7. Nf3 Nge7 8. O-O O-O
9. Be3 Nd4 10. e5 Nef5 11. Bf2 Nxf3+ 12. Qxf3 Qb6 13. Rab1 dxe5 14. fxe5 Bxe5
15. Qe4 Bd4 0-1

[Event "Let's Play Chess!"]
[Site "http://www.queenalice.com/game.php?id=21477"]
[Date "2005.7.26"]
[Round "-"]
[White "dnptrs"]
[Black "thespanishknight"]
[Result "0-1"]
[WhiteElo "1883"]
[BlackElo "1500"]

1. d4 d5 2. Nf3 Nf6 3. c4 dxc4 4. e3 e6 5. Bxc4 c5 6. O-O a6 7. b3 cxd4 8. exd4
b5 9. Be2 Nc6 10. Bb2 Bb7 11. Nbd2 Be7 12. a3 O-O 13. b4 Qc7 14. Rc1 Rad8 15.
Nb3 Bd6 16. Qc2 Bf4 17. Rcd1 Rd5 18. Ne5 Rc8 19. Nxc6 Bxh2+ 20. Kh1 Bxc6 21. Bf3
Qf4 22. Bxd5 Qh4 23. Rfe1 Nxd5 24. Bc1 Bg3+ 25. Kg1 Qh2+ 26. Kf1 Nf4 0-1

[Event "Challenge"]
[Site "http://www.queenalice.com/game.php?id=21481"]
[Date "2005.7.26"]
[Round "-"]
[White "thespanishknight"]
[Black "adlerburg"]
[Result "1-0"]
[WhiteElo "1761"]
[BlackElo "1697"]

1. e4 c5 2. Nc3 Nc6 3. g3 g6 4. Bg2 Bg7 5. d3 d6 6. f4 e6 7. Nf3 Nge7 8. O-O O-O
9. Be3 b6 10. d4 cxd4 11. Nxd4 Nxd4 12. Bxd4 e5 13. Be3 Ba6 14. Rf2 Bb7 15. f5
f6 16. fxg6 hxg6 17. Rd2 d5 18. Nxd5 Nxd5 19. exd5 f5 20. Qe2 Rf7 21. Rf1 Rc8
22. g4 f4 23. Bf2 Qc7 24. Be4 f3 25. Qe3 Rcf8 26. Bxg6 Rf4 27. Bf5 R8xf5 28.
gxf5 Bh6 29. Bg3 Qg7 30. Qe1 Ba6 31. Rff2 Rxf5 32. Rd1 Bf4 33. Rxf3 Bb5 34. Kf2
Qf7 35. Qe4 Qh5 36. Rg1 Bd7 37. Bxf4+ Kf7 38. Bg3 Qg6 39. Bxe5 1-0

[Event "AUTO-MASTER-22"]
[Site "http://www.queenalice.com/game.php?id=21679"]
[Date "2005.7.28"]
[Round "1"]
[White "salso"]
[Black "thespanishknight"]
[Result "1-0"]
[WhiteElo "1939"]
[BlackElo "1531"]

1. d4 d5 2. e3 Nf6 3. Bd3 c5 4. c3 Nc6 5. f4 Bg4 6. Nf3 e6 7. Nbd2 Bd6 8. Qa4 c4
9. Ne5 cxd3 10. Nxd3 O-O 11. h3 Bf5 12. Ne5 Qc7 13. Ndf3 Ne4 14. g4 Bxe5 15.
gxf5 1-0

[Event "AUTO-MASTER-22"]
[Site "http://www.queenalice.com/game.php?id=21680"]
[Date "2005.7.28"]
[Round "1"]
[White "thespanishknight"]
[Black "salso"]
[Result "0-1"]
[WhiteElo "1531"]
[BlackElo "1941"]

1. e4 e6 2. d4 d5 3. Nc3 Nf6 4. Bg5 Be7 5. e5 Nfd7 6. Bxe7 Qxe7 7. f4 a6 8. Nf3
c5 9. dxc5 Qxc5 10. Qd2 Nc6 11. O-O-O f6 12. exf6 Nxf6 13. Bd3 O-O 14. Rhe1 b5
15. Ne2 Bd7 0-1

[Event "AUTO-MASTER-22"]
[Site "http://www.queenalice.com/game.php?id=21707"]
[Date "2005.7.28"]
[Round "1"]
[White "thespanishknight"]
[Black "Balrog"]
[Result "0-1"]
[WhiteElo "1541"]
[BlackElo "1715"]

1. e4 e5 2. Nf3 Bc5 3. Nxe5 Qe7 4. d4 Bb4+ 5. c3 Ba5 6. Bc4 Nf6 7. Bxf7+ Kf8 8.
Bc4 d6 9. f4 Bg4 10. Nxg4 Nxe4 11. O-O c6 12. Bd3 Nf6 13. Re1 Qf7 14. Na3 Nbd7
15. Nc4 Bc7 16. Nxf6 Nxf6 0-1

[Event "AUTO-MASTER-22"]
[Site "http://www.queenalice.com/game.php?id=21708"]
[Date "2005.7.28"]
[Round "1"]
[White "Balrog"]
[Black "thespanishknight"]
[Result "1-0"]
[WhiteElo "1724"]
[BlackElo "1530"]

1. e4 e5 2. c4 Nc6 3. d3 Bc5 4. Nf3 d6 5. h3 f5 6. exf5 Bxf5 7. a3 Nf6 8. Nc3
O-O 9. Bg5 Qd7 10. Be2 Nd4 11. Bh4 Nxe2 12. Qxe2 e4 13. dxe4 Nxe4 14. O-O Nxc3
15. bxc3 Rae8 16. Qd2 Bxh3 17. Qg5 1-0